| 000 | 00362nam a22001697a 4500 | ||
|---|---|---|---|
| 005 | 20260617151156.0 | ||
| 020 | _a9788198810557 | ||
| 041 | _aEnglish | ||
| 082 | _aT16 R25 SET | ||
| 100 | _aSethuraman G | ||
| 245 | _aThamizhaga NIgazhkalai Varalaru | ||
| 250 | _a01 | ||
| 260 |
_aChennai _bNCBH _c2025 |
||
| 300 | _a248 | ||
| 365 | _b210.00 | ||
| 942 | _cBK | ||
| 999 |
_c177912 _d177912 |
||